Największe miejscowości w powiecie olkuskim - Statystyki

Ogólne statystyki
  • Ten quiz został rozwiązany 63 razy
  • Średni wynik to 6 z 10
Statystyki odpowiedzi
Numer Odpowiedź % Poprawnych
1 Olkusz
95%
4 Klucze
84%
3 Wolbrom
81%
2 Bukowno
76%
5 Bolesław
73%
7 Jaroszowiec
49%
8 Osiek
49%
10 Żurada
46%
6 Chechło
41%
9 Gorenice
35%
Nie znaleziono quizów pasujących do podanych kryteriów
Rozkład punktacji
Procent ludzi z każdym wynikiem
Percentyl według liczby udzielonych odpowiedzi
Twoja historia wyników
Nie rozwiązałeś tego quizu